• 首页
  • 本馆介绍
  • 公告通知
  • 最新文献
  • 馆藏检索
  • 电子资源
  • 读者导购
  • 参考咨询
  • 我的图书馆
  • 登录
  • 详细信息显示
  • 放入我的书架
  • 预约/预借图书
  • 作者相关作品
  • 分类相关作品
  • 丛书相关作品
  • 出版社相关作品

书目信息

  • 表格格式
  • 工作单格式
  • 卡片格式
题名:
科教兴国论
    
 
作者: 周绍森 , 陈东有 著
分册:  
出版信息: 济南   山东人民出版社  1999
页数: 368页
开本: 20cm
丛书名: 有中国特色社会主义论丛
单 册:
中图分类: G322.0
科图分类:
主题词: 科教政策--中国
电子资源:
ISBN: 7-209-02396-8
000 00702nam0 2200241 450
001 0533039797
005 20051104091747.34
010    @a7-209-02396-8@dCNY17.80
092    @aCN
100    @a20051104d1999 km y0chiy0120 ea
101 0  @achi
102    @aCN@b370000
200 1  @a科教兴国论@Ake jiao xing guo lun@f周绍森,陈东有著@Fzhou shao sen,chen dong you zhu
210    @a济南@c山东人民出版社@d1999
215 1  @a368页@d20cm
225    @a有中国特色社会主义论丛
410  0 @12001 @a有中国特色社会主义论丛
606 0  @a科教政策@y中国
690    @aG322.0@v4
701  0 @a周绍森@Azhou shao sen@4著
701  0 @a陈东有@Achen dong you@4著
801  0 @aCN@bPFT@c20051104
905    @a10447@dG322.0@e19
    
    科教兴国论/周绍森,陈东有著.-济南:山东人民出版社,1999
    368页;20cm.-(有中国特色社会主义论丛)
    
    
    ISBN 7-209-02396-8:CNY17.80
    
●
相关链接 在E读中查询图书 在五车中查询图书 在当当中查询图书 在豆瓣中查询图书


正题名:科教兴国论     索取号:G322.0/19         预约/预借

序号 登录号 条形码 馆藏地/架位号 状态 备注
1 0337705   203377050   第一样本阅览室/ [索取号:G322.0/19] 在馆    
2 0337706   203377069   密集书库/ [索取号:G322.0/19] 在馆    
3 0337707   203377078   第四借阅区/ [索取号:G322.0/19] 在馆    
4 0337708   203377087   第四借阅区/ [索取号:G322.0/19] 在馆    
5 0337709   203377096   密集书库/ [索取号:G322.0/19] 在馆    
唐山师范学院图书馆 欢迎您!
大连网信软件有限公司© 版权所有